| 000 | 00690nam a2200217Ia 4500 | ||
|---|---|---|---|
| 003 | GCL | ||
| 008 | 140319s9999 xx 000 0 ara d | ||
| 040 |
_aGCL / _cGCL |
||
| 082 | 0 | 4 |
_a150.1952 _bد ف |
| 100 | 1 | _aطلال عتريس | |
| 245 | 1 | 0 |
_aفرويد والتراث الصوفى اليهودى / _cطلال عتريس |
| 700 | 1 | _aدافيد باكان | |
| 260 |
_a[S.N] : _bالمؤسسة الجامعية للدراسات والنشر والتوزيع ، _c1988 |
||
| 300 | _a279 ص | ||
| 490 | _a | ||
| 650 | 0 | 4 | _aالتحليل النفسى |
| 650 | 0 | 4 | _aمذهب فرويد |
| 650 | 0 | 4 | _aالانا |
| 650 | 0 | 4 | _aالتنويم المغناطيسى |
| 942 |
_2ddc _cBK |
||
| 999 |
_c53833 _d53833 |
||